| 000 | 00976nam a2200253Ia 4500 | ||
|---|---|---|---|
| 003 | OSt | ||
| 005 | 20220923211030.0 | ||
| 006 | a|||||r|||| 00| 0 | ||
| 007 | ta | ||
| 008 | 220922b |||||||| |||| 00| 0 hin d | ||
| 020 | _a8171195377 (hbk) | ||
| 024 | _a193,375 | ||
| 037 | _cTextual | ||
| 040 |
_aARTS _cARTS _bhin |
||
| 041 |
_2hin _ahin |
||
| 082 | _aP, 152K6;P1-;1(O152D/Tr) | ||
| 100 |
_aशर्मा, देवेन्द्रनाथ; शर्मा, दीप्ति, संपा. _9157363 |
||
| 245 | 0 | _aभाषा विज्ञान की भूमिका | |
| 246 | _aBhāṣhā vijnyān kī bhūmikā | ||
| 260 |
_aदिल्ली _b राधा कृष्ण प्रकाशन _c1966 |
||
| 300 |
_a387पृ. _ccm. |
||
| 942 |
_hP, 152K6;P1-;1(O152D/Tr) _cTEXL _2CC |
||
| 999 |
_c294204 _d294204 |
||